| 000 | 00735nam a22002417a 4500 | ||
|---|---|---|---|
| 003 | dpl | ||
| 005 | 20180606150905.0 | ||
| 008 | 180606b xxu||||| |||| 00| 0 eng d | ||
| 010 | _aA-825607 | ||
| 020 |
_c00.00 _a8185989087 |
||
| 035 | _aA-825607, A-895609 | ||
| 037 | _bCen Lib/Ret | ||
| 040 |
_aDPL _bEN _c0 |
||
| 082 |
_a613 _bAGA |
||
| 100 |
_aAgarwal, Avinash Chandra _924959 |
||
| 245 |
_aHey busy man : _cby Avinash Chandra Agarwal _bwait a minute / |
||
| 260 |
_bGalgotia Publishing _c1997 _aNew Delhi |
||
| 270 |
_a6 A/4 WEA, Karol Bagh _bNew Delhi _e110005 |
||
| 300 |
_aviii,187p. _c22cm(Hb) |
||
| 650 |
_aDiseases _914215 |
||
| 650 |
_aPersonality development _924960 |
||
| 942 |
_2ddc _cEN _h613 _mAGA |
||
| 999 |
_c128964 _d128964 |
||